A ghost tale for Christmas time (Record no. 365022)
[ view plain ]
| 000 -LEADER | |
|---|---|
| fixed length control field | 00638nam a22001817a 4500 |
| 003 - CONTROL NUMBER IDENTIFIER | |
| control field | 0 |
| 005 - DATE AND TIME OF LATEST TRANSACTION | |
| control field | 20230619132147.0 |
| 008 - FIXED-LENGTH DATA ELEMENTS--GENERAL INFORMATION | |
| fixed length control field | 230619b xxu||||| |||| 00| 0 eng d |
| 020 ## - INTERNATIONAL STANDARD BOOK NUMBER | |
| International Standard Book Number | 978-0-375-85653-2 |
| 082 ## - DEWEY DECIMAL CLASSIFICATION NUMBER | |
| Classification number | Fic. |
| Item number | .Os73 2010 |
| 245 ## - TITLE STATEMENT | |
| Title | A ghost tale for Christmas time |
| Statement of responsibility, etc | Mary Pope Osborne |
| 260 ## - PUBLICATION, DISTRIBUTION, ETC. (IMPRINT) | |
| Place of publication, distribution, etc | New York City |
| Name of publisher, distributor, etc | Random House, Inc. |
| Date of publication, distribution, etc | c2010 |
| 300 ## - PHYSICAL DESCRIPTION | |
| Extent | 113pp. |
| Other physical details | ill. |
| Dimensions | 19cm. |
| 500 ## - GENERAL NOTE | |
| General note | Time travel-Fiction. |
| 500 ## - GENERAL NOTE | |
| General note | Magic-Ficiton. |
| 520 ## - SUMMARY, ETC. | |
| Summary, etc | Jack and Annie travel back to Victorian London when Merlin asks them to use their magic to inspire Charles Dickens to write "A Christmas Carol". |
| 942 ## - ADDED ENTRY ELEMENTS (KOHA) | |
| Source of classification or shelving scheme | Dewey Decimal Classification |
| Koha item type | Books |
| Withdrawn status | Lost status | Source of classification or shelving scheme | Damaged status | Home library | Current library | Shelving location | Date acquired | Source of acquisition | Sub Shelving location | Total Checkouts | Full call number | Barcode | Date last seen | Price effective from | Koha item type |
|---|---|---|---|---|---|---|---|---|---|---|---|---|---|---|---|
| Dewey Decimal Classification | Munich Library | Munich Library | Fiction Section | 06/19/2023 | Library Fund | Fic. Os73 2010 | M8067 | 06/19/2023 | 06/19/2023 | Books |